00000000nam 2200000za 4500
0019.674416
003CaOODSP
00520250507160800
007cr |||||||||||
008150407|2005||||xxc|||||o    f|0| 0 iku d
020 |a0-662-02793-0
040 |aCaOODSP|bfre
043 |an-cn---
0861 |aR2-401/2005Iku2-PDF|zR2-401/2005S-PDF
1101 |aCanada.|bAffaires indiennes et du Nord.
24510|aChapitre 23 - plan d'embauchage des Inuit, 2002-2007 |h[ressource électronique].
250 |a[Édition inuktitut].
260 |aOttawa - Ontario : |bAffaires indiennes et du Nord |c[2005].
300 |a210p.|btableaux
546 |aTexte en inuktitut.
590 |a11-07-Supp|b2011-05-17
77508|tArticle 23 - Inuit employment plan, 2002-2007 |w(CaOODSP)9.687542
77508|tChapitre 23 - plan d'embauchage des Inuit, 2002-2007 |w(CaOODSP)9.631990
791 |tArticle 23 - Inuit employment plan, 2002-2007 |eeng|w(CaOODSP)9.674415
85640|ahttp://publications.gc.ca|qPDF|s1846 Ko|uhttps://publications.gc.ca/collections/collection_2011/ainc-inac/R2-401-2005-iku.pdf